| 000 | 00690nam a2200205 a 4500 | ||
|---|---|---|---|
| 003 | DO-SdBNP | ||
| 005 | 20220518081149.0 | ||
| 008 | 130417e2008 dr a gr5 000 spa d | ||
| 040 |
_aDO-SdBNP _bspa _cBNPHU |
||
| 082 | 4 |
_222 _bR789c 2008 |
|
| 100 | 1 |
_964746 _aRosario Evangelista, Pedro |
|
| 245 | 1 | 0 |
_aCalendario universal cultural perpetuo siglo XXI / _cPedro Rosario Evangelista |
| 250 |
_a3a. ed. _bmodificada, ampliada y revisada. |
||
| 260 |
_aSanto Domingo, _bPeantroc Calendario, _c2008 |
||
| 300 |
_a14, [32] p. : _bil. ; _c14 cm. |
||
| 590 | _aInventariado 2022 / MF | ||
| 650 | 4 |
_938959 _aCalendario _xRepública Dominicana _ySiglo XXI |
|
| 910 | _aMFeliz | ||
| 942 |
_2ddc _cLBS1 |
||
| 999 |
_c38146 _d38146 |
||